Contemporary Postcolonial Theory (Record no. 59575)
[ view plain ]
| 000 -LEADER | |
|---|---|
| fixed length control field | 00462nam a22001817a 4500 |
| 005 - DATE & TIME | |
| control field | 20250328164920.0 |
| 008 - FIXED-LENGTH DATA ELEMENTS--GENERAL INFORMATION | |
| fixed length control field | 250328b |||||||| |||| 00| 0 eng d |
| 020 ## - ISBN | |
| International Standard Book Number | 9781032292021 |
| Price | 2295.00 |
| 040 ## - CATALOGING SOURCE | |
| Original cataloging agency | Doon University |
| 041 ## - Language | |
| Language | English |
| 082 ## - DDC NUMBER | |
| Classification number | 809.03 |
| Book Number | CON |
| 100 ## - MAIN ENTRY--PERSONAL NAME | |
| Personal name | Mongia, Padmini (ed) |
| 245 ## - TITLE STATEMENT | |
| Title | Contemporary Postcolonial Theory |
| Sub Title | : A Reader |
| 260 ## - PUBLICATION, DISTRIBUTION, ETC. (IMPRINT) | |
| Place of publication, distribution, etc | London |
| Name of publisher, distributor, etc | Routledge |
| Date of publication, distribution, etc | 2020 |
| 300 ## - PHYSICAL DESCRIPTION | |
| Pages | 407 |
| 650 ## - Subject | |
| Subject | English |
| 942 ## - ADDED ENTRY ELEMENTS (KOHA) | |
| Koha item type | Books |
| 100 ## - MAIN ENTRY--PERSONAL NAME | |
| -- | 25486 |
| 650 ## - Subject | |
| -- | 9 |
| 952 ## - LOCATION AND ITEM INFORMATION (KOHA) | |
| -- | 2025-03-28 |
| 952 ## - LOCATION AND ITEM INFORMATION (KOHA) | |
| -- | 2026-01-31 |
| -- | 2025-03-28 |
| 952 ## - LOCATION AND ITEM INFORMATION (KOHA) | |
| -- | 2025-03-28 |
| 952 ## - LOCATION AND ITEM INFORMATION (KOHA) | |
| -- | 2025-03-28 |
| Withdrawn status | Lost status | Source of classification or shelving scheme | Damaged status | Not for loan | Location (home branch) | Sublocation or collection (holding branch) | Date acquired | Koha full call number | Accession No. | Koha date last seen | Koha item type | Koha issues (times borrowed) |
|---|---|---|---|---|---|---|---|---|---|---|---|---|
| Not For Loan | Doon University | Doon University | 28.03.2025 | 809.03 CON | 50574 | 28.03.2025 | Reference | |||||
| Doon University | Doon University | 28.03.2025 | 809.03 CON | 50575 | 23.03.2026 | Books | 1 | |||||
| Doon University | Doon University | 28.03.2025 | 809.03 CON | 50576 | 28.03.2025 | Books | ||||||
| Doon University | Doon University | 28.03.2025 | 809.03 CON | 50577 | 28.03.2025 | Books |